| 000 | 00486nam a22001812 4500 | ||
|---|---|---|---|
| 001 | 0000003130 | ||
| 005 | 20151217151916.0 | ||
| 008 | 070427s xx 000 0 eng d | ||
| 040 |
_aKABU _cKABU |
||
| 050 | 0 |
_aPS3545 _b.A7W55 |
|
| 100 | 1 |
_aWarren, Robert Penn. _@0000152786 |
|
| 245 | 1 | 0 |
_aWilderness : _ba tale of the civil war. |
| 260 |
_aNew York : _bRandom House, _c1961. |
||
| 300 | _a310 p. | ||
| 908 | _a070427 | ||
| 950 | _@1 | ||
| 999 |
_c6241 _d6241 |
||